00000000nam##2200000za#4500
0019.523721
003CaOODSP
00520210615083025
007ta
008150406|1994||||xxc|||||     f|0| 0 fre|d
020 |a0-660-59111-1
022 |a0706-148X
040 |aCaOODSP|bfre
041 |aeng
041 |afre
043 |an-cn---
0861 |aS52-2/224-1994
1101 |aCanada.|bTravaux publics et Services gouvernementaux Canada. |bServices de traduction.
24510|aVocabulaire de l'administration correctionnelle / |cpar Estelle Beauregard.
260 |aOttawa - Ontario : |bTravaux publics et Services gouvernementaux Canada. |c1994.
300 |a325p. ; |c22 cm.
4901 |aBulletin de terminologie|x0706-148X|v224
500 |a«Il s'agit d'une version considérablement modifiée et augmentée du Lexique du secteur correctionnel paru en 1985, cahier qui est devenu désuet depuis l'adoption de plusieurs lois et la réforme correctionnnelle effectuée en 1992.»--Introduction.
5203 |aBulletin de terminologie 224. Version considérablement modifiée et augmentée du "Lexique du secteur correctionnel" paru en 1985, ce vocabulaire bilingue renferme 1 800 termes, dont 488 sont définis ou accompagnés de directives d'usage. On y trouve des termes tirés de la nouvelle "Loi sur les systèmes correctionnels et la mise en liberté sous condition" et de son Règlement, ainsi que de publications récentes produites par des organismes du droit criminel.
546 |aBilingue
563 |aCouverture souple
590 |a94-14|b1994-04-08
69107|aTerminologie|2gcpds
69107|aJustice pénale|2gcpds
7201 |aBeauregard, Estelle
7760#|tCorrectional administration vocabulary / |w(CaOODSP)9.590559
791 |tCorrectional administration vocabulary / |eeng|w(CaOODSP)9.523720
830#0|aBulletin de terminologie,|x0706-148X|v224|w(CaOODSP)9.509599